INDIAN JOURNAL OF OTOLARYNGOLOGY & HEAD AND NECK SURGERY (Record no. 24407)

MARC details
000 -LEADER
fixed length control field 00227nam a22000977a 4500
003 - CONTROL NUMBER IDENTIFIER
control field SGT
245 ## - TITLE STATEMENT
Title INDIAN JOURNAL OF OTOLARYNGOLOGY & HEAD AND NECK SURGERY
260 ## - PUBLICATION, DISTRIBUTION, ETC. (IMPRINT)
Place of publication, distribution, etc INDIA
Name of publisher, distributor, etc SPRINGER
Year of Publication 2020
300 ## - PAGE DESCRIPTION
No. of Pages 544
942 ## - ADDED ENTRY ELEMENTS (KOHA)
Source of classification or shelving scheme Dewey Decimal Classification
Koha item type Back Volumes
Holdings
Withdrawn status Lost status Source of classification or shelving scheme Damaged status Not for loan Collection code Home library Current library Date acquired Volume Information (Serial or Books or Non-Book Material) SGTU Accession No. (Barcode) Date last seen Bill Date Koha item type
    Dewey Decimal Classification   Not For Loan MEDICAL SGT Medical Library SGT Medical Library 22/07/2023 VOL-72 2020 SGTU PM1520 22/07/2023 22/07/2023 Back Volumes